LDR 01078naa#a2200193#i#450# 001 RU\\bibl\121473 005 20260514060924.4 011 ## _a1994-4683 100 ## _a20230531b2023####ek#y0rusy0150####ca 102 ## _aRU 200 1# _aФОРМИРОВАНИЕ ДВИГАТЕЛЬНЫХ НАВЫКОВ НА ОСНОВЕ ДИФФЕРЕНЦИРОВАННОЙ ОЦЕНКИ БАЗОВЫХ ЭЛЕМЕНТОВ ВОЕННО-ПРИКЛАДНЫХ ПРИЕМОВ И ДЕЙСТВИЙ _eЖурнальная статья 210 1# _aМосква _cНациональный государственный Университет физической культуры, спорта и здоровья им. П.Ф. Лесгафта _d2023 215 ## _a4 с. 608 ## _aЖурнальная статья _2local 675 ## _aФилософские и научно-теоретические основы физической культуры и спорта. 796.011 _z 700 #1 _aФедоров _gВ Г 700 #1 _aСтовбур _gА П 700 #1 _aФедоров _gА В 856 4# _auchzapiski.lesgaft.spb.ru _u